Sanat - "Kolme hyvää vinkkiä" - Vesterinen yhtyeineen - Statistics

Yleistilastot
  • Tätä visaa on pelattu 73 kertaa
  • Keskiarvotulos 99 / 150
Vastaustilastot
Vastaus % Oikein
hyvä
98%
hyvää
98%
kolme
98%
on
98%
vinkkiä
98%
miten
96%
elämä
94%
ja
94%
elää
92%
pelastaa
92%
seksielämä
92%
Mulla
90%
elämä
88%
mihin
88%
pelastaa
88%
sopii
88%
viikuna
88%
pohkeita
83%
kuolla
81%
onnellisena
81%
onnellisena
77%
juurikasvua
73%
välttää
71%
treenaan
67%
63%
et
46%
kai
46%
kun
46%
oli
46%
kanssa
42%
siitä
42%
tykkäät
40%
haikea
38%
jotenkin
38%
kissan
38%
Niissä
38%
viereen
38%
jälkeen
35%
kuskusin
35%
tänään
35%
vaikea
35%
fiilis
33%
kaikki
33%
laatulehtiä
33%
lasin
33%
Parin
33%
sähän
33%
sun
33%
to
33%
tullutkaan
33%
jäljiltä
31%
kömmin
31%
korianterin
31%
muuta
31%
pino
31%
pöydällä
31%
täällä
31%
vielä
31%
do
29%
erkkeriltä
29%
semi
29%
hyvin
27%
olis
27%
pitänyt
27%
puuhaa
27%
täynnä
27%
unohdin
27%
että
25%
kokkailla
25%
pitäis
25%
siivoilen
25%
viihtyä
23%
pikkuhönössä
21%
silloinkin
21%
varmaan
21%
yksinkö
21%
nyt
17%
myönnän
15%
aikaa
10%
miettiä
10%
mentyä
8%
paljon
8%
huoneessa
6%
Ehtoja vastaavia visoja ei löytynyt
Tulosjakauma
Jokaisen tuloksen saaneiden osuus
Persentiili vastausten määrän mukaan
Tuloshistoriasi
Et ole pelannut tätä visaa